01008nam a22002177a 450000500170000000700150001700800410003202000220007303500100009504000090010510000290011424501450014325600240028826000450031230000280035750602700038565000290065570000270068474000380071185600410074920240305165635.0cr|||| |||| 220628s2022 mx |||||s|||| 00||0 spa d a978-607-629-740-7 a36518 avLex1 aPérez Chávez, José10aConstructorash[Recurso electrónico] :bRégimen contable, fiscal y de seguridad social /cJosé Pérez Chávez, Raymundo Fol Olguín aServicio en línea aCiudad de México:bTax Editores,c2022 a1 recurso electrónico1 aDisponible solo en los productos indicadosdvLex GlobaldvLex Global (Academic Edition, excluding Law Schools)dvLex Global (U.S. Academic Edition, Law Schools)dvLex Global (U.S. Academic Edition, excluding Law Schools)dvLex Global (Academic Edition, Law Schools)04aDerecho FiscalzMéxico1 aFol Olguín, Raymundo0 avLex Libros (Servicio en línea)40uhttps://app.vlex.com/#/sources/36518